[Event "GRE-chT 50th"]
[Site "Nikaia"]
[Date "2023.08.26"]
[Round "3.6"]
[White "Kratimenou, Maria"]
[Black "Tsivelekidou, Evgenia"]
[Result "1-0"]
[WhiteElo "1505"]
[BlackElo "1932"]
[PlyCount "77"]
[EventDate "2023.08.25"]
[EventType "team"]
[EventRounds "9"]
[EventCountry "GRE"]
[SourceTitle "EXT 2024"]
[Source "ChessBase"]
[SourceDate "2023.10.10"]
[SourceVersion "1"]
[SourceVersionDate "2023.10.10"]
[SourceQuality "1"]
[WhiteTeam "Panionios"]
[BlackTeam "Kavalas"]
[WhiteTeamCountry "GRE"]
[BlackTeamCountry "GRE"]

1. e4 c6 2. Nc3 d5 3. Nf3 Bg4 4. Be2 e6 5. d4 Nf6 6. e5 Nfd7 7. Ng5 Bxe2 8. Qxe2 Be7 9. Qh5 g6 10. Qh6 Bf8 11. Qh3 Bg7 12. f4 Qe7 13. Bd2 a6 14. 0-0-0 a5 15. g4 h5 16. Rde1 Nb6 17. b3 hxg4 18. Qxg4 a4 19. h4 axb3 20. cxb3 Na6 21. h5 Nb4 22. hxg6 Nd3+ 23. Kb1 Rxh1 24. gxf7+ Kd7 25. Rxh1 Nf2 26. Qg2 Nxh1 27. Qxh1 Rh8 28. Qg2 Bh6 29. Qh3 Bg7 30. Qg4 Rh1+ 31. Kc2 Bh6 32. f5 Rh2 33. f6 Qf8 34. Qxe6+ Kc7 35. Qe7+ Qxe7 36. fxe7 Rxd2+ 37. Kb1 Bxg5 38. e8Q Rg2 39. f8Q 1-0

[Event "GRE-chT 50th"]
[Site "Nikaia"]
[Date "2023.08.25"]
[Round "1.5"]
[White "Tsivelekidou, Evgenia"]
[Black "Stefanidi, Maria Anna"]
[Result "1/2-1/2"]
[WhiteElo "1932"]
[BlackElo "1955"]
[PlyCount "125"]
[EventDate "2023.08.25"]
[EventType "team"]
[EventRounds "9"]
[EventCountry "GRE"]
[SourceTitle "EXT 2024"]
[Source "ChessBase"]
[SourceDate "2023.10.10"]
[SourceVersion "1"]
[SourceVersionDate "2023.10.10"]
[SourceQuality "1"]
[WhiteTeam "Kavalas"]
[BlackTeam "Kallithea"]
[WhiteTeamCountry "GRE"]
[BlackTeamCountry "GRE"]

1. d4 Nf6 2. c4 g6 3. Nc3 Bg7 4. Nf3 d6 5. Bf4 0-0 6. e3 Nc6 7. h3 Nd7 8. Be2 e5 9. Bh2 h6 10. 0-0 f5 11. dxe5 Ncxe5 12. Nxe5 Nxe5 13. Qd5+ Kh7 14. Rfd1 Qe7 15. Qd2 Be6 16. Nd5 Qf7 17. Rac1 c6 18. Nf4 Bxc4 19. Qxd6 Bxa2 20. h4 Rae8 21. Qa3 a6 22. h5 g5 23. Ng6 Nxg6 24. hxg6+ Kxg6 25. Bd6 Rg8 26. g4 Bd5 27. Bd3 Be4 28. f3 Bxd3 29. Qxd3 Be5 30. Rc5 Qf6 31. Qxf5+ Qxf5 32. gxf5+ Kxf5 33. Kf2 Kf6 34. f4 gxf4 35. exf4 Bxd6 36. Rxd6+ Re6 37. Rd7 Re7 38. Rd6+ Kg7 39. Rh5 Rh8 40. f5 Rf7 41. Kf3 Re8 42. Rg6+ Kf8 43. Rgxh6 Re1 44. Rh8+ Ke7 45. Rb8 Kf6 46. Kf4 Rf1+ 47. Ke4 Re7+ 48. Kd4 Rd1+ 49. Kc3 Rd5 50. Rf8+ Kg7 51. f6+ Kxf8 52. fxe7+ Kxe7 53. Rh7+ Kd6 54. Rxb7 Rc5+ 55. Kd3 Rb5 56. Ra7 Rxb2 57. Rxa6 Kc5 58. Kc3 Rh2 59. Ra5+ Kb6 60. Rg5 Rh4 61. Rf5 Ra4 62. Rh5 Ra1 63. Rg5 1/2-1/2

[Event "Antwerp World Uni op (Women)"]
[Site "Antwerp"]
[Date "2022.09.16"]
[Round "8"]
[White "Du Plessis, Anika"]
[Black "Tsivelekidou, Evgenia"]
[Result "0-1"]
[WhiteElo "1586"]
[BlackElo "1943"]
[PlyCount "102"]
[EventDate "2022.09.12"]
[EventType "swiss"]
[EventRounds "9"]
[EventCountry "BEL"]
[SourceTitle "CBM 210 Extra"]
[Source "ChessBase"]
[SourceDate "2022.11.30"]
[SourceVersion "1"]
[SourceVersionDate "2022.11.30"]
[SourceQuality "1"]

1. d4 Nf6 2. c4 e6 3. g3 Bb4+ 4. Bd2 a5 5. Bg2 d5 6. Nf3 0-0 7. 0-0 dxc4 8. Qa4 Bd7 9. Qc2 Bxd2 10. Nbxd2 b5 11. a4 c6 12. Ne5 Ra7 13. Ne4 Nd5 14. Nc5 Be8 15. Be4 Nf6 16. Rfd1 Nxe4 17. Qxe4 Qd5 18. Qe3 f6 19. Nf3 Bf7 20. Ne4 b4 21. Rac1 Nd7 22. Nfd2 Nb6 23. Nc5 Re7 24. Qe4 e5 25. e3 Bg6 26. Qh4 exd4 27. Qxd4 Qxd4 28. exd4 Bf7 29. Nde4 Bd5 30. Nd6 Re2 31. Rb1 c3 32. bxc3 Ba2 33. Ra1 bxc3 34. Rdc1 Nd5 35. Nce4 Rd8 36. Kf1 Rb2 37. Ke1 g6 38. g4 h5 39. h3 hxg4 40. hxg4 Kg7 41. Kd1 Rh8 42. Ng3 Rxf2 43. Nde4 Rg2 44. Ke1 Bc4 45. Rab1 Rhh2 46. Rb7+ Kh6 47. g5+ fxg5 48. Rh7+ Kxh7 49. Nxg5+ Kg8 50. Nf3 Rxg3 51. Nxh2 Rg1+ 0-1

[Event "GRE-chT Final 4 48th"]
[Site "Larisa"]
[Date "2021.11.07"]
[Round "2.1"]
[White "Galani, Dimitra"]
[Black "Tsivelekidou, Evgenia"]
[Result "0-1"]
[WhiteElo "1512"]
[BlackElo "1977"]
[PlyCount "40"]
[EventDate "2021.11.06"]
[EventType "team-k.o."]
[EventRounds "2"]
[EventCountry "GRE"]
[SourceTitle "CBM 205 Extra"]
[Source "ChessBase"]
[SourceDate "2022.01.31"]
[SourceVersion "1"]
[SourceVersionDate "2022.01.31"]
[SourceQuality "1"]
[WhiteTeam "Neapolis Sykeon"]
[BlackTeam "Kavalas SO"]
[WhiteTeamCountry "GRE"]
[BlackTeamCountry "GRE"]

1. e4 c6 2. d4 d5 3. Nc3 dxe4 4. Nxe4 Nf6 5. Nxf6+ gxf6 6. c3 Bf5 7. Bd3 Bg6 8. Ne2 e6 9. Qc2 Qc7 10. Bd2 Nd7 11. 0-0-0 Bd6 12. g3 Bh5 13. Rhe1 0-0-0 14. Kb1 Kb8 15. Rc1 Bf3 16. c4 c5 17. Bc3 e5 18. d5 Rde8 19. Ng1 Bh5 20. Bxh7 Rxh7 0-1

[Event "GRE-chT Final 4 48th"]
[Site "Larisa"]
[Date "2021.11.07"]
[Round "2.2"]
[White "Tsivelekidou, Evgenia"]
[Black "Galani, Dimitra"]
[Result "1-0"]
[WhiteElo "1977"]
[BlackElo "1512"]
[PlyCount "83"]
[EventDate "2021.11.06"]
[EventType "team-k.o."]
[EventRounds "2"]
[EventCountry "GRE"]
[SourceTitle "CBM 205 Extra"]
[Source "ChessBase"]
[SourceDate "2022.01.31"]
[SourceVersion "1"]
[SourceVersionDate "2022.01.31"]
[SourceQuality "1"]
[WhiteTeam "Kavalas SO"]
[BlackTeam "Neapolis Sykeon"]
[WhiteTeamCountry "GRE"]
[BlackTeamCountry "GRE"]

1. d4 d6 2. Nf3 Nf6 3. c4 c6 4. Nc3 Nbd7 5. Bf4 e6 6. h3 Be7 7. e3 0-0 8. Be2 Qc7 9. 0-0 e5 10. Bh2 b6 11. b4 Bb7 12. Qb3 Rfe8 13. Rfc1 Bf8 14. Bf1 Qd8 15. a3 Rc8 16. c5 e4 17. Nd2 d5 18. cxb6 Nxb6 19. a4 Nbd7 20. a5 a6 21. Na4 g6 22. Rcb1 Nh5 23. Qc3 Ng7 24. Nb3 Ne6 25. Nbc5 Nexc5 26. Nxc5 Nxc5 27. bxc5 Qd7 28. Rb6 Ra8 29. Rab1 Ra7 30. Qb3 Bc8 31. Qa4 Re6 32. R1b4 Bh6 33. Qb3 Ra8 34. Rb8 Rxb8 35. Rxb8 Bg5 36. Bxa6 Re8 37. Rxc8 Rxc8 38. Bxc8 Qxc8 39. Qb8 Qxb8 40. Bxb8 h5 41. a6 Kh7 42. a7 1-0

[Event "GRE-chT2 48th"]
[Site "Thessaloniki"]
[Date "2021.10.10"]
[Round "7.1"]
[White "Koutsouraki, Ariadni"]
[Black "Tsivelekidou, Evgenia"]
[Result "1/2-1/2"]
[WhiteElo "1404"]
[BlackElo "1972"]
[PlyCount "88"]
[EventDate "2021.10.05"]
[EventType "team-swiss"]
[EventRounds "7"]
[EventCountry "GRE"]
[SourceTitle "CBM 204 Extra"]
[Source "ChessBase"]
[SourceDate "2021.11.30"]
[SourceVersion "1"]
[SourceVersionDate "2021.11.30"]
[SourceQuality "1"]
[WhiteTeam "Thessaloniki Aris"]
[BlackTeam "Kavalas"]
[WhiteTeamCountry "GRE"]
[BlackTeamCountry "GRE"]

1. c4 e5 2. Nc3 Nc6 3. Nf3 g6 4. d4 exd4 5. Nxd4 Bg7 6. Nxc6 bxc6 7. g3 d6 8. Bg2 Bd7 9. Bf4 Rb8 10. Qd2 Ne7 11. Rd1 0-0 12. 0-0 c5 13. b3 Nf5 14. Ne4 Nd4 15. Nxd6 cxd6 16. Bxd6 Bg4 17. Bxf8 Qxf8 18. f3 Bh6 19. e3 Re8 20. Rde1 Bf5 21. f4 Nc2 22. Re2 Bg7 23. e4 Nd4 24. Ree1 Bg4 25. h3 Bd7 26. g4 Rd8 27. Qc1 a5 28. f5 gxf5 29. exf5 Qd6 30. Qg5 Qf6 31. Qf4 Bh6 32. Qc7 Bc6 33. Bxc6 Nxc6 34. Qg3 Bg5 35. Qg2 Rd2 36. Re2 Rxe2 37. Qxe2 Nd4 38. Qe4 Kg7 39. Kg2 Qd6 40. Re1 Qf4 41. Qxf4 Bxf4 42. Re8 Nc2 43. Rc8 Be3 44. Re8 Bd4 1/2-1/2

[Event "Online Olym Div Top-A"]
[Site "Chess.com INT"]
[Date "2021.09.10"]
[Round "9.4"]
[White "Bucur, Denisa Andreea"]
[Black "Tsivelekidou, Evgenia"]
[Result "0-1"]
[WhiteElo "2049"]
[BlackElo "1972"]
[PlyCount "62"]
[EventDate "2021.09.08"]
[EventType "team (rapid)"]
[EventRounds "9"]
[EventCountry "USA"]
[SourceTitle "CBM 204 Extra"]
[Source "ChessBase"]
[SourceDate "2021.11.30"]
[SourceVersion "1"]
[SourceVersionDate "2021.11.30"]
[SourceQuality "1"]
[WhiteTeam "Romania"]
[BlackTeam "Greece"]
[WhiteTeamCountry "ROU"]
[BlackTeamCountry "GRE"]

1. d4 Nf6 2. Nf3 e6 3. c4 Bb4+ 4. Bd2 a5 5. e3 0-0 6. Nc3 d5 7. Bd3 dxc4 8. Bxc4 c6 9. 0-0 Nbd7 10. Qc2 Qe7 11. a3 Bd6 12. e4 e5 13. d5 Nb6 14. Ba2 cxd5 15. exd5 Bg4 16. Ng5 Rac8 17. Qb3 Nbd7 18. Nge4 Nc5 19. Nxc5 Rxc5 20. Be3 Rcc8 21. Qa4 e4 22. Bd4 Nd7 23. Qc2 Bf3 24. Qd2 Qh4 25. h3 Ne5 26. Bxe5 Bxe5 27. Rfe1 Bf4 28. Qd4 Qg5 29. g4 Qh4 30. Nxe4 Qxh3 31. Nf6+ gxf6 0-1

[Event "Online Olym Div Top-A"]
[Site "Chess.com INT"]
[Date "2021.09.09"]
[Round "6.1"]
[White "Tsivelekidou, Evgenia"]
[Black "Assaubayeva, Bibissara"]
[Result "0-1"]
[WhiteElo "1972"]
[BlackElo "2400"]
[PlyCount "110"]
[EventDate "2021.09.08"]
[EventType "team (rapid)"]
[EventRounds "9"]
[EventCountry "USA"]
[SourceTitle "CBM 204 Extra"]
[Source "ChessBase"]
[SourceDate "2021.11.30"]
[SourceVersion "1"]
[SourceVersionDate "2021.11.30"]
[SourceQuality "1"]
[WhiteTeam "Greece"]
[BlackTeam "Kazakhstan"]
[WhiteTeamCountry "GRE"]
[BlackTeamCountry "KAZ"]

1. d4 Nf6 2. c4 g6 3. Nc3 Bg7 4. Nf3 0-0 5. Bf4 d6 6. e3 b6 7. Be2 Bb7 8. Qc2 Nbd7 9. 0-0 Nh5 10. Bg5 h6 11. Bh4 g5 12. Nd2 Nf4 13. exf4 gxh4 14. d5 e6 15. Bf3 Rb8 16. Rfe1 Qf6 17. g3 Nc5 18. Rab1 a6 19. Nde4 Nxe4 20. Bxe4 e5 21. fxe5 dxe5 22. Nd1 Bc8 23. Ne3 h5 24. gxh4 Bh6 25. Kh1 Kh8 26. Rg1 Qxh4 27. Nf5 Bxf5 28. Bxf5 Rg8 29. Rxg8+ Rxg8 30. Rg1 Rxg1+ 31. Kxg1 Qg5+ 32. Kf1 Kg7 33. Qe4 Qc1+ 34. Kg2 Qxb2 35. Qf3 Qxa2 36. Bd3 Qd2 37. h4 Qf4 38. Qh3 e4 39. Be2 Kg6 40. Qd7 e3 41. Qc6+ Kg7 42. fxe3 Qxe3 43. Bf3 Qd2+ 44. Kh3 Qf4 45. Kg2 a5 46. Qd7 Qxc4 47. Bxh5 Qf4 48. Bg4 a4 49. Bh5 a3 50. Qh3 a2 51. Qc3+ Qf6 52. Qg3+ Kh8 53. Qxc7 a1Q 54. Qc8+ Kh7 55. Qc2+ Kg7 0-1

[Event "Online Olym Div Top-A"]
[Site "Chess.com INT"]
[Date "2021.09.08"]
[Round "2.3"]
[White "Cheng, Chao Xin"]
[Black "Tsivelekidou, Evgenia"]
[Result "1/2-1/2"]
[WhiteElo "1731"]
[BlackElo "1972"]
[PlyCount "162"]
[EventDate "2021.09.08"]
[EventType "team (rapid)"]
[EventRounds "9"]
[EventCountry "USA"]
[SourceTitle "CBM 204 Extra"]
[Source "ChessBase"]
[SourceDate "2021.11.30"]
[SourceVersion "1"]
[SourceVersionDate "2021.11.30"]
[SourceQuality "1"]
[WhiteTeam "Australia"]
[BlackTeam "Greece"]
[WhiteTeamCountry "AUS"]
[BlackTeamCountry "GRE"]

1. e4 c6 2. d4 d5 3. e5 Bf5 4. Nf3 e6 5. b3 Nd7 6. Bb2 Bb4+ 7. c3 Be7 8. Bd3 Nh6 9. 0-0 0-0 10. Na3 Qa5 11. Nc2 c5 12. Ne3 Bg6 13. Bxg6 hxg6 14. Qd3 Nf5 15. Rfd1 Qb6 16. Rab1 a5 17. Nxf5 gxf5 18. c4 Qc6 19. dxc5 Nxc5 20. cxd5 Nxd3 21. dxc6 Nxb2 22. cxb7 Nxd1 23. bxa8Q Rxa8 24. Rxd1 a4 25. Rb1 axb3 26. axb3 Bc5 27. Ne1 Rd8 28. b4 Bb6 29. Rb2 Rd1 30. Kf1 Bd4 31. Rc2 Bxe5 32. Ke2 Rb1 33. Nd3 Bd6 34. Rc8+ Kh7 35. Rc4 Kg6 36. g3 Kf6 37. h4 g6 38. Kd2 e5 39. Kc2 Ra1 40. Kb2 Rf1 41. Rc2 e4 42. Nc5 Be5+ 43. Kb3 Bd4 44. Nd7+ Ke7 45. Nb8 Bxf2 46. Nc6+ Kf6 47. Rc3 e3 48. Nd4 Rd1 49. Ne2 Rd2 50. Nf4 e2 51. Rc6+ Kg7 52. Nxe2 Rxe2 53. b5 Bxg3 54. b6 Re8 55. Kc4 Rb8 56. Kb5 Bxh4 57. Ka6 Bf2 58. b7 Bg3 59. Rc8 Be5 60. Ka7 Rxb7+ 61. Kxb7 f4 62. Rc1 g5 63. Kc6 f3 64. Kd5 Bf4 65. Rg1 f2 66. Rf1 Be3 67. Ke4 Bb6 68. Kf5 f6 69. Rh1 Bd4 70. Rf1 Kf7 71. Rd1 Bc5 72. Rd7+ Ke8 73. Rd1 Ke7 74. Rf1 Bd4 75. Rd1 Be5 76. Rf1 Bd4 77. Rd1 Be5 78. Rf1 Bg3 79. Rd1 Bh4 80. Rf1 Bg3 81. Rd1 Be5 1/2-1/2

[Event "Online Olym Div2 B"]
[Site "Chess.com INT"]
[Date "2020.08.16"]
[Round "7.6"]
[White "Tsivelekidou, Evgenia"]
[Black "Chuersakul, Sarocha"]
[Result "1-0"]
[WhiteElo "1993"]
[BlackElo "1668"]
[PlyCount "81"]
[EventDate "2020.08.14"]
[EventType "team-tourn (rapid)"]
[EventRounds "9"]
[EventCountry "USA"]
[SourceTitle "CBM 198"]
[Source "ChessBase"]
[SourceDate "2020.10.31"]
[SourceVersion "1"]
[SourceVersionDate "2020.10.31"]
[SourceQuality "1"]
[WhiteTeam "Greece"]
[BlackTeam "Thailand"]
[WhiteTeamCountry "GRE"]
[BlackTeamCountry "THA"]

1. d4 Nf6 2. c4 c5 3. d5 b5 4. cxb5 a6 5. bxa6 Bxa6 6. Nc3 g6 7. Nf3 Bg7 8. e4 Bxf1 9. Kxf1 d6 10. g3 0-0 11. Kg2 Nbd7 12. a4 Qb6 13. Re1 Ng4 14. Qc2 Nge5 15. Nd2 Rfb8 16. f4 Ng4 17. h3 Ngf6 18. e5 Ne8 19. Nf3 Nc7 20. Ra3 Qb7 21. Qe4 Nb6 22. Rd1 Re8 23. h4 f5 24. Qd3 Rad8 25. a5 Nd7 26. e6 Nf6 27. a6 Qa7 28. Nb5 Nxb5 29. Qxb5 Rb8 30. Qd3 Rb6 31. h5 Ra8 32. hxg6 hxg6 33. Nh4 Rxa6 34. Rxa6 Qxa6 35. Qf3 Ng4 36. Nxg6 Nh6 37. Nxe7+ Kh7 38. Rh1 Rf8 39. Qh5 Qd3 40. Qg6+ Kh8 41. Rxh6+ 1-0

[Event "GRE-chT U16"]
[Site "Thessaloniki"]
[Date "2019.12.01"]
[Round "6.1"]
[White "Tsivelekidou, Evgenia"]
[Black "Gavriil, Odysseas Panagiotis"]
[Result "0-1"]
[WhiteElo "1985"]
[BlackElo "2122"]
[PlyCount "126"]
[EventDate "2019.11.28"]
[EventType "team-swiss"]
[EventRounds "6"]
[EventCountry "GRE"]
[SourceTitle "CBM 193 Extra"]
[Source "ChessBase"]
[SourceDate "2020.01.31"]
[SourceVersion "1"]
[SourceVersionDate "2020.01.31"]
[SourceQuality "1"]
[WhiteTeam "Kavalas"]
[BlackTeam "Thessaloniki Galaxias"]
[WhiteTeamCountry "GRE"]
[BlackTeamCountry "GRE"]

1. d4 Nf6 2. c4 g6 3. Nc3 d6 4. Nf3 Bg7 5. e3 0-0 6. Be2 Nbd7 7. b3 c5 8. Bb2 b6 9. d5 a6 10. 0-0 Ng4 11. Qd2 Nge5 12. Ne1 f5 13. f4 Nf7 14. g4 Qe8 15. Bf3 Ra7 16. Kh1 fxg4 17. Bxg4 Nf6 18. Bf3 Bb7 19. Qg2 Ba8 20. e4 b5 21. Nd3 bxc4 22. bxc4 Nd7 23. Na4 Bxb2 24. Naxb2 Kh8 25. Rae1 e5 26. dxe6 Qxe6 27. Rg1 Qf6 28. Nd1 Nd8 29. Ne3 Ne6 30. f5 Nd4 31. Nd5 Bxd5 32. cxd5 gxf5 33. exf5 Ne5 34. Nxe5 dxe5 35. Be4 Rg7 36. Qxg7+ Qxg7 37. Rxg7 Kxg7 38. Rc1 Rc8 39. d6 Kf6 40. d7 Rd8 41. Rxc5 Rxd7 42. Rc8 Kg5 43. Bd3 Nf3 44. Be4 Nh4 45. Rc1 Kf4 46. Bc6 Rf7 47. Rf1+ Kg5 48. f6 Rxf6 49. Rxf6 Kxf6 50. a4 a5 51. Kg1 Kf5 52. Kf2 Kf4 53. Bd5 e4 54. Bg8 h6 55. Bh7 Nf3 56. Kg2 Ne1+ 57. Kf1 Nd3 58. Bg6 Ke3 59. Bh5 Kd2 60. Bg6 Nc5 61. Be8 e3 62. Bb5 Nxa4 63. h4 Nc3 0-1

[Event "GRE-chT U16"]
[Site "Thessaloniki"]
[Date "2019.11.29"]
[Round "3.1"]
[White "Tsivelekidou, Evgenia"]
[Black "Patrelakis, Evaggelos"]
[Result "1/2-1/2"]
[WhiteElo "1985"]
[BlackElo "2284"]
[PlyCount "116"]
[EventDate "2019.11.28"]
[EventType "team-swiss"]
[EventRounds "6"]
[EventCountry "GRE"]
[SourceTitle "CBM 193 Extra"]
[Source "ChessBase"]
[SourceDate "2020.01.31"]
[SourceVersion "1"]
[SourceVersionDate "2020.01.31"]
[SourceQuality "1"]
[WhiteTeam "Kavalas"]
[BlackTeam "Chanion"]
[WhiteTeamCountry "GRE"]
[BlackTeamCountry "GRE"]

1. d4 Nf6 2. c4 g6 3. Nc3 Bg7 4. Nf3 0-0 5. Bf4 d6 6. h3 Nbd7 7. e3 b6 8. Be2 Bb7 9. 0-0 Re8 10. Qc2 e5 11. Bh2 exd4 12. exd4 Ne4 13. Nd5 Ndf6 14. Nf4 h6 15. Nd3 Nd7 16. Rfe1 g5 17. d5 f5 18. Nd2 Nxd2 19. Qxd2 Nf6 20. Bf3 Qd7 21. Rxe8+ Rxe8 22. Re1 Kf8 23. Rxe8+ Qxe8 24. b3 Bc8 25. h4 f4 26. Bd1 Bf5 27. hxg5 hxg5 28. g3 Ne4 29. Qe2 Nc3 30. Qxe8+ Kxe8 31. Bh5+ Kd7 32. Nc1 fxg3 33. Bxg3 Bb1 34. a3 Bc2 35. f4 Bh6 36. Bg4+ Ke7 37. f5 Kf6 38. Bf2 Ke5 39. Bg3+ Kd4 40. Bf2+ Ke4 41. f6 Kf4 42. Be6 Ke5 43. f7 Bg6 44. Be3 Ne4 45. Ne2 Kf6 46. Nd4 Bxf7 47. Bxf7 Kxf7 48. Nb5 Bg7 49. Nxc7 Bb2 50. a4 Ba3 51. Nb5 Bc5 52. Bxc5 dxc5 53. Nxa7 Nd2 54. Nc8 Nxb3 55. Nxb6 Na5 56. Nd7 Nxc4 57. Nxc5 Nb6 58. d6 Nxa4 1/2-1/2

[Event "GRE-chT 47th"]
[Site "Patras"]
[Date "2019.07.06"]
[Round "7.2"]
[White "Tsivelekidou, Evgenia"]
[Black "Tsivelekidou, Anthoula Elpida"]
[Result "1-0"]
[WhiteElo "1956"]
[BlackElo "1298"]
[PlyCount "77"]
[EventDate "2019.07.02"]
[EventType "team-swiss"]
[EventRounds "7"]
[EventCountry "GRE"]
[SourceTitle "CBM 191 Extra"]
[Source "ChessBase"]
[SourceDate "2019.09.30"]
[SourceVersion "1"]
[SourceVersionDate "2019.09.30"]
[SourceQuality "1"]
[WhiteTeam "Kavalas"]
[BlackTeam "Amo Galaxias"]
[WhiteTeamCountry "GRE"]
[BlackTeamCountry "GRE"]

1. d4 d5 2. c4 e6 3. Nf3 Nf6 4. g3 Bb4+ 5. Bd2 Be7 6. Bg2 0-0 7. 0-0 c6 8. Qc2 Nbd7 9. b3 b6 10. a4 Ba6 11. Rd1 Rc8 12. Bf4 Re8 13. Ne5 Nxe5 14. Bxe5 Bd6 15. Bxd6 Qxd6 16. Nd2 Qb4 17. e4 Nd7 18. a5 b5 19. Bf1 bxc4 20. bxc4 Qe7 21. Bd3 h6 22. c5 Bxd3 23. Qxd3 Nf8 24. e5 Rb8 25. Rdb1 Qc7 26. a6 Nd7 27. Qa3 Rec8 28. Nb3 Rb5 29. Na5 Rcb8 30. Nb7 Rxb1+ 31. Rxb1 Nf8 32. Rb3 Ng6 33. Qb2 Ne7 34. Nd6 Rxb3 35. Qxb3 Qa5 36. Qb8+ Kh7 37. Qxa7 Nc8 38. Qxf7 Qxa6 39. Ne8 1-0

[Event "GRE-chT 47th"]
[Site "Patras"]
[Date "2019.07.05"]
[Round "5.1"]
[White "Arapkoule, Eirini"]
[Black "Tsivelekidou, Evgenia"]
[Result "0-1"]
[WhiteElo "1370"]
[BlackElo "1956"]
[PlyCount "56"]
[EventDate "2019.07.02"]
[EventType "team-swiss"]
[EventRounds "7"]
[EventCountry "GRE"]
[SourceTitle "CBM 191 Extra"]
[Source "ChessBase"]
[SourceDate "2019.09.30"]
[SourceVersion "1"]
[SourceVersionDate "2019.09.30"]
[SourceQuality "1"]
[WhiteTeam "Nikaia Fysiolatris"]
[BlackTeam "Kavalas"]
[WhiteTeamCountry "GRE"]
[BlackTeamCountry "GRE"]

1. d4 Nf6 2. Nf3 e6 3. e3 b6 4. Bd3 Bb7 5. 0-0 d5 6. b3 Bd6 7. Bb2 0-0 8. Nbd2 Ne4 9. c4 Nd7 10. Qc2 f5 11. Ne5 Bxe5 12. dxe5 Nxd2 13. Qxd2 Nc5 14. Ba3 dxc4 15. Bxc5 Qd5 16. f4 c3 17. Qc2 Qxc5 18. Rfe1 b5 19. Rac1 b4 20. Bc4 Qc6 21. Qf2 Rad8 22. Red1 Rd7 23. Qf3 Rxd1+ 24. Rxd1 Qxc4 25. bxc4 Bxf3 26. gxf3 a5 27. Kf2 a4 28. Ke2 b3 0-1

[Event "GRE-chT 47th"]
[Site "Patras"]
[Date "2019.07.04"]
[Round "4.1"]
[White "Tsivelekidou, Evgenia"]
[Black "Kyriakidou, Chrysa"]
[Result "1-0"]
[WhiteElo "1956"]
[BlackElo "1338"]
[PlyCount "61"]
[EventDate "2019.07.02"]
[EventType "team-swiss"]
[EventRounds "7"]
[EventCountry "GRE"]
[SourceTitle "CBM 191 Extra"]
[Source "ChessBase"]
[SourceDate "2019.09.30"]
[SourceVersion "1"]
[SourceVersionDate "2019.09.30"]
[SourceQuality "1"]
[WhiteTeam "Kavalas"]
[BlackTeam "Heraklion OF"]
[WhiteTeamCountry "GRE"]
[BlackTeamCountry "GRE"]

1. d4 d5 2. c4 c6 3. Nf3 Nf6 4. Nbd2 Bf5 5. Nh4 Bg6 6. Qb3 Qc7 7. Nxg6 hxg6 8. g3 e6 9. Bg2 Nbd7 10. 0-0 Be7 11. e4 dxe4 12. Nxe4 0-0-0 13. Rd1 Qb6 14. Qc2 Nxe4 15. Bxe4 Nf6 16. Bf3 Rxd4 17. Rxd4 Qxd4 18. Be3 Qd8 19. Qa4 a5 20. a3 Nd7 21. b4 Bg5 22. Bxg5 Qxg5 23. Bxc6 Nf6 24. Bg2 Qe5 25. Rd1 Rh5 26. Qb3 Qc7 27. Qe3 Re5 28. Qa7 Nd7 29. Bxb7+ Qxb7 30. Qxb7+ Kxb7 31. Rxd7+ 1-0

[Event "GRE-chT 47th"]
[Site "Patras"]
[Date "2019.07.03"]
[Round "2.1"]
[White "Kratimenou, Maria"]
[Black "Tsivelekidou, Evgenia"]
[Result "0-1"]
[WhiteElo "1285"]
[BlackElo "1956"]
[PlyCount "130"]
[EventDate "2019.07.02"]
[EventType "team-swiss"]
[EventRounds "7"]
[EventCountry "GRE"]
[SourceTitle "CBM 191 Extra"]
[Source "ChessBase"]
[SourceDate "2019.09.30"]
[SourceVersion "1"]
[SourceVersionDate "2019.09.30"]
[SourceQuality "1"]
[WhiteTeam "Panionios GA"]
[BlackTeam "Kavalas"]
[WhiteTeamCountry "GRE"]
[BlackTeamCountry "GRE"]

1. e4 e5 2. Nf3 Nc6 3. Nc3 Nf6 4. Bb5 Bb4 5. 0-0 0-0 6. d3 Bxc3 7. bxc3 d6 8. Re1 Bg4 9. h3 Bh5 10. Bxc6 bxc6 11. d4 Qe7 12. Qd3 Bxf3 13. Qxf3 Nd7 14. Ba3 Nb6 15. Qd3 Qe6 16. Red1 f5 17. f3 f4 18. d5 cxd5 19. exd5 Qd7 20. c4 Qa4 21. c5 Nc4 22. Qb3 Qxa3 23. Qxc4 Qxc5+ 24. Qxc5 dxc5 25. Rab1 Rab8 26. Rb3 c4 27. Ra3 Rb7 28. Ra4 Rd8 29. Rxc4 Kf7 30. Kf2 Rd7 31. Rc5 Rb2 32. a4 Rb4 33. a5 e4 34. fxe4 Rxe4 35. Kf3 Rb4 36. Rd3 h6 37. c4 g5 38. Rc6 Kg7 39. Rc3 Rb7 40. a6 Rb1 41. Rd3 h5 42. d6 cxd6 43. Rcxd6 Re7 44. Rd1 Re3+ 45. Kf2 Rb2+ 46. R1d2 Rxd2+ 47. Rxd2 Rc3 48. Rd7+ Kg6 49. Rxa7 Rxc4 50. Rb7 Ra4 51. a7 g4 52. hxg4 hxg4 53. Rb6+ Kf5 54. Rb5+ Ke6 55. Rb4 Ra2+ 56. Kf1 Kf5 57. Rb5+ Kg6 58. Rb4 Kg5 59. Rb5+ Kh4 60. Rb7 Kg3 61. Rb3+ f3 62. gxf3 gxf3 63. Re3 Ra1+ 64. Re1 Rxa7 65. Rd1 Rh7 0-1

[Event "GRE-ch U16"]
[Site "Patras"]
[Date "2019.06.30"]
[Round "8.3"]
[White "Kouvidis, Ioannis"]
[Black "Tsivelekidou, Evgenia"]
[Result "1-0"]
[WhiteElo "2053"]
[BlackElo "1976"]
[PlyCount "83"]
[EventDate "2019.06.25"]
[EventType "swiss"]
[EventRounds "9"]
[EventCountry "GRE"]
[SourceTitle "EXT 2020"]
[Source "ChessBase"]
[SourceDate "2019.10.17"]
[SourceVersion "1"]
[SourceVersionDate "2019.10.17"]
[SourceQuality "1"]
[WhiteTeam "Greece"]
[BlackTeam "Greece"]
[WhiteTeamCountry "GRE"]
[BlackTeamCountry "GRE"]

1. e4 d5 2. exd5 Qxd5 3. Nc3 Qd8 4. Nf3 Bg4 5. Bc4 e6 6. h3 Bxf3 7. Qxf3 c6 8. d3 Nf6 9. Bg5 Nbd7 10. 0-0-0 Be7 11. g4 Nd5 12. Bxe7 Qxe7 13. Bxd5 Qg5+ 14. Kb1 cxd5 15. Qg3 0-0 16. f4 Qe7 17. f5 b5 18. Rhe1 Nb6 19. fxe6 fxe6 20. Qe5 Rae8 21. Nxb5 Qb4 22. Nd4 Nd7 23. Qe3 e5 24. Nf5 g6 25. Qg5 Kh8 26. Ne3 Rb8 27. b3 Qd4 28. Qe7 Nc5 29. Rf1 Rf4 30. Rxf4 exf4 31. Qd6 Rc8 32. Nxd5 Ne4 33. Qe6 Nc3+ 34. Nxc3 Qxc3 35. Qe2 a5 36. Qd2 Qc7 37. Rf1 g5 38. h4 a4 39. hxg5 a3 40. Rxf4 Qc6 41. Rc4 Qe6 42. Qc3+ 1-0